Statistics for Bundeskanzler der II Republik

Click here to take the quiz!

General Stats

  • This quiz has been taken 121 times
    (21 since last reset)
  • The average score is 12 of 20

Answer Stats

HintAnswer% Correct
152017-Sebastian Kurz
100%
182020-2021Sebastian Kurz
100%
202021-Karl Nehammer
85%
142016-2017Christian Kern
77%
102000-2007Wolfgang Schüssel
77%
172019-2020Brigitte Bierlein
69%
61970-1983Bruno Kreisky
69%
192021
Alexander Schallenberg
69%
81986-1997Franz Vranitzky
69%
71983-1986Fred Sinowatz
62%
11945Karl Renner
62%
122008-2016Werner Faymann
62%
112007-2008Alfred Gusenbauer
54%
21945-1953Leopold Figl
54%
91997-2000Viktor Klima
54%
41961-1964Alfons Gorbach
38%
31953-1961Julius Raab
38%
132016-2016Reinhold Mitterlehner
38%
51964-1970Josef Klaus
31%
162019Hartwig Löger
8%

Score Distribution

Percentile by Number Answered

Percent of People with Each Score

Your Score History

You have not taken this quiz since the last reset